000 01305nam0a22002771 4500
001 rc\3734402
005 20260407130307.0
021 _aRU
_b[74-84897]
035 _a(NLR Aleph) 007867743
090 _a7837609
_c7837609
100 _a20130115d1974 |||y0rusy50 ca
101 0 _arus
102 _aRU
105 _ay z |||||
200 1 _aСовременный масочный наркоз
_eМетод. рекомендации
_fМ-во здравоохранения РСФСР. Гл. упр. науч.-исслед. ин-тов и координации науч. исследований. Моск. обл. науч.-исслед. клинич. ин-т им. М.В. Владимирского
210 _aМосква
_cБ. и.
_d1974
215 _a12 с.
_d20
300 _aВ конце книги сост.: Н.Я. Тер-Каспарова
606 _aНаркоз ингаляционный
_2psbo
702 1 _aТер-Каспарова
_bН.Я.
_4220
712 0 2 _aМосковский областной научно-исследовательский клинический институт им. М. Ф. Владимирского
_3RU\NLR\AUTH\889975103
_9447199
801 0 _aRU
_bNLR
_gpsbo
801 1 _aRU
_bELAR
_2rusmarc
852 _aNLR
_j74-4/27201
942 _cBOOK
980 _aNB